PP. Toletanorum quotquot extant Opera (Record no. 162513)

MARC details
000 -LEADER
campo de control de longitud fija 01328nam a2200277 i 4500
001 - NÚMERO DE CONTROL
campo de control 162513
003 - IDENTIFICADOR DE NÚMERO DE CONTROL
campo de control ES-MaACL
005 - FECHA Y HORA DE LA ÚLTIMA TRANSACCIÓN
campo de control 20251011063145.0
008 - DATOS DE LONGITUD FIJA--INFORMACIÓN GENERAL
campo de control de longitud fija 931025s1793 sp |||| | lat d
100 1# - ENTRADA PRINCIPAL--NOMBRE DE PERSONA
Nombre de persona Lorenzana, Francisco Antonio de,
Fechas asociadas al nombre 1722-1804
9 (RLIN) 151831
245 10 - MENCIÓN DEL TÍTULO
Título PP. Toletanorum quotquot extant Opera
Resto del título : tomus tertius : Roderici Ximenii de Rada, Toletanae Ecclesiae Praesulis, opera praecipua complectens /
Mención de responsabilidad, etc. opera, auctoritate et expensis... Francisci cardinalis de Lorenzana Archiepiscopi Toletani...
260 ## - PUBLICACIÓN, DISTRIBUCIÓN, ETC.
Lugar de publicación, distribución, etc. Matriti :
Nombre del editor, distribuidor, etc. apud viduam Ioachimi Ibarra ...,
Fecha de publicación, distribución, etc. 1793.
300 ## - DESCRIPCIÓN FÍSICA
Extensión [4], XXVI, [2], 509 p. ;
Dimensiones Fol.
530 ## - NOTA DISPONIBLE DE FORMULARIO FÍSICO ADICIONAL
Nota de formato físico adicional disponible Disponible en formato digital.
594 ## - Nota al título y mención de responsabilidad
Nota al título y mención de responsabilidad Tit. en antep. "Collectio Patrum ecclesiae Toletanae"
596 ## - NOTA AL PIE DE IMPRENTA
NOTA AL PIE DE IMPRENTA Marca tip. en port. (Vindel, 605)
597 ## - NOTA DE DESCRIPCIÓN FÍSICA
NOTA DE DESCRIPCIÓN FÍSICA Sign.: [ ]4, b-d4, A-Z4, 2A-2Z4, 3A-3R4, 3S3.
597 ## - NOTA DE DESCRIPCIÓN FÍSICA
NOTA DE DESCRIPCIÓN FÍSICA Texto a dos col.
597 ## - NOTA DE DESCRIPCIÓN FÍSICA
NOTA DE DESCRIPCIÓN FÍSICA "Appendix prima" y "appendix secunda" en p. 284-494.
650 ## - PUNTO DE ACCESO ADICIONAL DE MATERIA--TÉRMINO DE MATERIA
Término de materia o nombre geográfico como elemento de entrada Patrística.
9 (RLIN) 15895
651 #4 - PUNTO DE ACCESO ADICIONAL DE MATERIA--NOMBRE GEOGRÁFICO
Nombre geográfico Toledo (Provincia)-
Subdivisión general Historia eclesiástica.
9 (RLIN) 142698
700 1# - ENTRADA AGREGADA--NOMBRE PERSONAL
Nombre de persona Jiménez de Rada, Rodrigo.
9 (RLIN) 66511
852 ## - LOCALIZACIÓN
Ubicación ES-MaACL
Número de control de estantería R-98-100
Nota libre - Enc. pasta española
Encuadernación Olim:B-293-5
856 ## - LOCALIZACIÓN Y ACCESO ELECTRÓNICOS
Identificador Uniforme de Recursos <a href="http://bdh-rd.bne.es/viewer.vm?id=0000005074&page=1 ">http://bdh-rd.bne.es/viewer.vm?id=0000005074&page=1 </a>
Nota pública Biblioteca Digital Hispánica
Holdings
Estatus retirado Estado de pérdida Estado de daño No para préstamo Colección Biblioteca de origen Biblioteca actual Ubicación en estantería Fecha de adquisición Total de préstamos Signatura topográfica completa Código de barras Visto por última vez Precio de reemplazo Tipo de ítem Koha
        Colección digital Biblioteca del Ateneo de Madrid Biblioteca del Ateneo de Madrid Depósito 17/01/2008   R-98-100 1170252 23/02/2023 23/02/2023 Libro impreso antiguo